000 00663cab a2200229 4500
001 WB3226-32
008 090401t1996 xxu||||| |||| 00| 0 eng d
035 _a(Sirsi) u44962
041 _aeng
245 _aCattle passports
260 _c1996
350 _a0
490 _aMAFF News Release
_v(228/96) 28 June 1996, (2)
520 _aExplains the use of Cattle Passports, applicable from 1 July 1996, and the benefits that will result.
650 _aANIMAL IDENTIFICATION
650 _aCATTLE IDENTIFICATION DOCUMENTS
650 _aCATTLE PASSPORTS
650 _aLIVESTOCK MOVEMENT
690 _aRURAL PRACTICE
942 _n0
948 _c04/03/1997
999 _c28579
_d28579